| 000 | 00601nam a2200181 4500 | ||
|---|---|---|---|
| 001 | 111127 | ||
| 003 | ES-MaACL | ||
| 005 | 20230906185239.0 | ||
| 007 | t| | ||
| 008 | 061121s1939 sp r ||||1| spa d | ||
| 080 | _a930.85(460) | ||
| 100 | 1 |
_aOlagüe, Ignacio. _986640 |
|
| 245 | 1 | 3 |
_aLa decadencia española _b: ensayo para la rectificación de la historia de España / _cIgnacio Olagüe. |
| 260 |
_aSan Sebastián : _bLibrería Internacional, _c[1939?] ( _eMadrid : _fE. Giménez) |
||
| 300 |
_a1 v. ; _c25 cm. |
||
| 651 | 4 |
_aEspaña- _xCivilización. _98163 |
|
| 852 |
_aES-MaACL _jP-844 _bR.17035 |
||
| 999 |
_c111127 _d111127 |
||